<?xml version="1.0" encoding="UTF-8"?><?xml-stylesheet type="text/xsl" href="static/style.xsl"?><OAI-PMH xmlns="http://www.openarchives.org/OAI/2.0/" xmlns:xsi="http://www.w3.org/2001/XMLSchema-instance" xsi:schemaLocation="http://www.openarchives.org/OAI/2.0/ http://www.openarchives.org/OAI/2.0/OAI-PMH.xsd"><responseDate>2026-04-17T18:53:53Z</responseDate><request verb="GetRecord" identifier="oai:riubu.ubu.es:10259/10975" metadataPrefix="marc">https://riubu.ubu.es/oai/request</request><GetRecord><record><header><identifier>oai:riubu.ubu.es:10259/10975</identifier><datestamp>2025-10-21T10:03:52Z</datestamp><setSpec>com_10259_4839</setSpec><setSpec>com_10259_5086</setSpec><setSpec>com_10259_2604</setSpec><setSpec>col_10259_6836</setSpec></header><metadata><record xmlns="http://www.loc.gov/MARC21/slim" xmlns:doc="http://www.lyncode.com/xoai" xmlns:xsi="http://www.w3.org/2001/XMLSchema-instance" xmlns:dcterms="http://purl.org/dc/terms/" xsi:schemaLocation="http://www.loc.gov/MARC21/slim http://www.loc.gov/standards/marcxml/schema/MARC21slim.xsd">
<leader>00925njm 22002777a 4500</leader>
<datafield tag="042" ind1=" " ind2=" ">
<subfield code="a">dc</subfield>
</datafield>
<datafield tag="720" ind1=" " ind2=" ">
<subfield code="a">Segura Zariquiegui, Ainhoa</subfield>
<subfield code="e">author</subfield>
</datafield>
<datafield tag="720" ind1=" " ind2=" ">
<subfield code="a">Wang, Xin (王鑫)</subfield>
<subfield code="e">author</subfield>
</datafield>
<datafield tag="260" ind1=" " ind2=" ">
<subfield code="c">2015</subfield>
</datafield>
<datafield tag="520" ind1=" " ind2=" ">
<subfield code="a">This book is the master key to understanding Chinese and being able to make friends and do business in China. The authors, Ainhoa Segura and (Wang Xin) have developed a superb method that effectively leads anyone to these goals. Their system allows students to identify Chinese sounds and pronounce them accurately. The book includes a CD with audio files that enhance comprehension. The book explores the lives and thoughts of two students at Binhai University of Foreign Affairs, located in Tianjin, China, who establish a relationship with one another. The left pages are written in Chinese characters with phonetic aids (pinyin) and on the opposite page, the text is translated in English. It is a great method for people interested in taking the first step towards the mastery of the Chinese language.</subfield>
</datafield>
<datafield tag="024" ind2=" " ind1="8">
<subfield code="a">978-84-941795-6-3</subfield>
</datafield>
<datafield tag="024" ind2=" " ind1="8">
<subfield code="a">https://hdl.handle.net/10259/10975</subfield>
</datafield>
<datafield tag="245" ind1="0" ind2="0">
<subfield code="a">Learn chinese now! : The best way for beginners and tips about making friends and doing business in China</subfield>
</datafield>
</record></metadata></record></GetRecord></OAI-PMH>